000 00784nam a2200229 u 4500
005 20260217062529.0
008 160419s2013 r 000 0 eng d
020 _a9786077625681
020 _a9786077514756
035 _aUPN01000209637
049 _aCG
050 4 _aPQ6254
_bY7.4
245 0 1 _a¿Y si yo fuera una persona refugiada--? :
_bcomenzar de nuevo en otro país : cuentos de jóvenes sobre personas refugiadas /
_ced. Alberto Nava Cortez.
260 _aMéxico :
_bComisión de Derechos Humanos del Distrito Federal :
_bCONAPRED,
_cc2013.
300 _a65 p. :
_bil.
440 0 _aTestimonios
650 4 _aREFUGIADOS -
_vLITERATURA JUVENIL
_925301
650 4 _aDiscriminación
_921028
700 1 _aNava Cortez, Alberto,
_eed.
905 _aLibro
999 _c181738
_d181738